=LDR 00000nam 2200000 4500 =001 INLIS000000000048393 =005 20250120122328 =035 ##$$a 0010-101600000000151 =008 250120################g##########0#ind## =020 ##$$a 979-8001-47-8 =040 ##$$a NBPDMAT =082 ##$$a 540.1 =090 ##$$a 540.1$bAud i =100 ##$$a Audrey L Companion =245 1#$$a Ikatan kimia /$c Audrey L Companion; Penerjemah Dr. Ir. Suminar Achmadi =250 ##$$a Ed. 2 =260 ##$$a Bandung :$b ITB,$c 1991 =300 ##$$a 90 hlm. : $b ilus. ; $c 21 x14 cm =500 ##$$a Indeks hlm. : 146 - 148 =650 #4$$a Kimia =700 #$$a Suminar Achmadi =850 ##$$aNBPDMAT =084 ##$$a 540.1 AUD i =990 ##$$a 51600145 =990 ##$$a 51600145 =990 ##$$a 51600145